[Event "Solingen"]
[Site "IX. Karnevals-Open"]
[Date "2018.02.11"]
[Round "5.13"]
[White "Prang, Andreas"]
[Black "Schülke, Tilman"]
[Result "0-1"]
[WhiteElo "1832"]
[BlackElo "1945"]
[PlyCount "104"]
[EventDate "2018.??.??"]
[WhiteTeam "SV Unser Fritz"]
[BlackTeam "Düsseldorfer SV"]

1. c4 e5 2. g3 d6 3. Bg2 g6 4. Nc3 Bg7 5. Rb1 Ne7 6. b4 O-O 7. d3 h6 8. e3 c6
9. Nge2 Qc7 10. O-O Be6 11. Bd2 Qd7 12. Ne4 f5 13. N4c3 d5 14. cxd5 Nxd5 15.
Qc2 g5 16. f4 exf4 17. gxf4 Qd6 18. a3 Nd7 19. Na4 b6 20. Nb2 b5 21. Rbc1 Rac8
22. fxg5 hxg5 23. e4 Nf4 24. Nxf4 gxf4 25. Bxf4 Qd4+ 26. Rf2 fxe4 27. Qd2 Qxb2
28. Qe3 Qd4 29. Qg3 e3 30. Bxe3 Qg4 31. Qd6 Rxf2 32. Bxf2 Bd5 33. Bg3 Bxg2 34.
Kxg2 Ne5 35. Rf1 Nf7 36. Qe7 Rf8 37. Rf2 Qd4 38. Rf3 Qd5 39. Kf2 Bd4+ 40. Kg2
Bg7 41. Kf2 c5 42. bxc5 Bd4+ 43. Ke2 Qxc5 44. Qe4 Bg7 45. Rf5 Qc8 46. Qd5 Re8+
47. Kf1 Qe6 48. Qf3 a6 49. Qh5 Rf8 50. Kg2 Qc6+ 51. Kf1 Qc1+ 52. Kg2 Qc2+ 0-1

[Event "Solingen"]
[Site "IX. Karnevals-Open"]
[Date "2018.02.11"]
[Round "5.15"]
[White "Nasoyan, Maksim"]
[Black "Pinto, Antonio"]
[Result "1-0"]
[WhiteElo "1893"]
[BlackElo "1944"]
[PlyCount "91"]
[EventDate "2018.??.??"]
[WhiteTeam "SG Ennepe-Ruhr-Süd"]
[BlackTeam "Italien"]
[BlackTeamCountry "ITA"]

1. e4 c5 2. Nf3 Nc6 3. d4 cxd4 4. Nxd4 g6 5. Nc3 Bg7 6. Be3 Nf6 7. Nxc6 bxc6 8.
e5 Ng8 9. Bd4 Nh6 10. e6 O-O 11. Bxg7 Kxg7 12. Qd4+ f6 13. exd7 Qxd7 14. Qxd7
Bxd7 15. O-O-O Rfd8 16. Ba6 Ng4 17. Rd2 Bf5 18. Rhd1 Rxd2 19. Rxd2 Rb8 20. h3
Ne5 21. Na4 Rb4 22. Nc5 Nc4 23. Rd4 Rxb2 24. Rxc4 Rxa2 25. g4 Bd7 26. Nxd7 Rxa6
27. Nb8 Ra1+ 28. Kd2 Rh1 29. Rc3 c5 30. Nc6 e5 31. Nxa7 Kh6 32. Nb5 Kg5 33. Nd6
Kh4 34. Ne4 f5 35. gxf5 gxf5 36. Nxc5 Rxh3 37. Rxh3+ Kxh3 38. Nd3 e4 39. Nf4+
Kg4 40. Ke3 Kg5 41. c4 Kf6 42. Kd4 Kg5 43. Ke5 Kg4 44. c5 Kf3 45. Kxf5 Kxf2 46.
Kxe4 1-0

[Event "Solingen"]
[Site "IX. Karnevals-Open"]
[Date "2018.02.11"]
[Round "5.16"]
[White "Klugstedt, Vincent"]
[Black "Zettl, Thomas"]
[Result "1/2-1/2"]
[WhiteElo "1684"]
[BlackElo "1982"]
[PlyCount "47"]
[EventDate "2018.??.??"]
[WhiteTeam "TV Borken"]
[BlackTeam "SF Moers"]

1. d4 g6 2. c4 Bg7 3. Nc3 d6 4. e4 Nc6 5. Be3 e5 6. Nge2 Nf6 7. d5 Ne7 8. f3
O-O 9. Qd2 Nd7 10. g4 f5 11. gxf5 gxf5 12. Bh6 Ng6 13. Bg5 Bf6 14. Rg1 Bxg5 15.
Rxg5 Nc5 16. h4 Kh8 17. O-O-O f4 18. Qe1 a5 19. Ng1 Bd7 20. Bh3 Rb8 21. Bxd7
Qxd7 22. h5 Ne7 23. Qh4 Rf7 24. Nge2 1/2-1/2

[Event "Solingen"]
[Site "IX. Karnevals-Open"]
[Date "2018.02.11"]
[Round "5.17"]
[White "Büttgenbach, Uwe-Eugen"]
[Black "Vranidis, Georgios"]
[Result "0-1"]
[WhiteElo "1666"]
[BlackElo "1941"]
[PlyCount "60"]
[EventDate "2018.??.??"]
[WhiteTeam "Ronsdorfer SV"]
[BlackTeam "SC Solingen 28"]

1. e4 c5 2. Nf3 Nc6 3. b3 d6 4. Bb2 Nf6 5. d3 Bg4 6. Be2 e6 7. Na3 Be7 8. Nc4
O-O 9. Qd2 d5 10. exd5 exd5 11. Nce5 Nxe5 12. Nxe5 Bxe2 13. Qxe2 d4 14. O-O Bd6
15. Nf3 Qc7 16. h3 Rfe8 17. Qd1 Nd5 18. Ng5 Bf4 19. Bc1 Bxc1 20. Rxc1 Nc3 21.
Qh5 Ne2+ 22. Kh1 h6 23. Rce1 Nf4 24. Qg4 hxg5 25. Qxg5 Ne6 26. Qh5 Nf4 27. Qf3
Ng6 28. g3 Re7 29. Re4 Rxe4 30. Qxe4 Qe7 0-1

[Event "Solingen"]
[Site "IX. Karnevals-Open"]
[Date "2018.02.11"]
[Round "5.18"]
[White "Reinacher, Detlev"]
[Black "Westermann, Walter"]
[Result "1-0"]
[WhiteElo "1661"]
[BlackElo "1856"]
[PlyCount "61"]
[EventDate "2018.??.??"]
[WhiteTeam "SC Hansa Dortmund"]
[BlackTeam "SV Hilden"]

1. e4 c6 2. d3 d5 3. Nd2 e5 4. g3 Bd6 5. Bg2 Nf6 6. Ngf3 O-O 7. O-O Nbd7 8. c3
Qc7 9. a3 a5 10. b3 Nc5 11. Qc2 Be6 12. Bb2 dxe4 13. dxe4 a4 14. b4 Nb3 15.
Rad1 Nxd2 16. Nxd2 Rfd8 17. c4 c5 18. b5 Nd7 19. Rfe1 Nb6 20. f4 exf4 21. e5
Be7 22. gxf4 Rd7 23. f5 Rxd2 24. Rxd2 Bh4 25. fxe6 Bxe1 26. exf7+ Qxf7 27. e6
Qe7 28. Re2 Ba5 29. Be4 Qg5+ 30. Rg2 Qe3+ 31. Kh1 1-0

[Event "Solingen"]
[Site "IX. Karnevals-Open"]
[Date "2018.02.11"]
[Round "5.19"]
[White "Rohfleisch, Daniel"]
[Black "Grunwald, Günther"]
[Result "1-0"]
[WhiteElo "1820"]
[BlackElo "1609"]
[PlyCount "31"]
[EventDate "2018.??.??"]
[WhiteTeam "OSC Rheinhausen"]
[BlackTeam "SW Oberhausen"]

1. e4 e5 2. Nf3 Nc6 3. Nc3 Nf6 4. d4 d6 5. dxe5 dxe5 6. Qxd8+ Kxd8 7. Bg5 Bd6
8. Nd5 Be7 9. O-O-O Bd7 10. Nxe7 Kxe7 11. Bb5 Rad8 12. Bxc6 Bxc6 13. Nxe5 Bxe4
14. Rxd8 Rxd8 15. Re1 Kf8 16. Rxe4 1-0

[Event "Solingen"]
[Site "IX. Karnevals-Open"]
[Date "2018.02.11"]
[Round "5.20"]
[White "Holdsch, Peter-Michael"]
[Black "Scheffner, Jarno"]
[Result "0-1"]
[WhiteElo "1628"]
[BlackElo "1800"]
[PlyCount "74"]
[EventDate "2018.??.??"]
[WhiteTeam "SW Oberhausen"]
[BlackTeam "SK Nordhorn-Blanke"]

1. Nf3 Nf6 2. d3 g6 3. b3 Bg7 4. Bb2 d6 5. e4 e5 6. g3 Nc6 7. Bg2 O-O 8. O-O
Bg4 9. h3 Bd7 10. c4 Ne8 11. Bc1 h6 12. a3 f5 13. Ra2 Nf6 14. exf5 gxf5 15. Nc3
Ne7 16. Nh4 c6 17. Be3 d5 18. Bc5 Kh7 19. Bxe7 Qxe7 20. Re1 e4 21. cxd5 cxd5
22. dxe4 dxe4 23. Ne2 Nh5 24. Rd2 Rf7 25. Nd4 Qg5 26. Ndxf5 Bxf5 27. Nxf5 Rxf5
28. Bxe4 Raf8 29. g4 Nf4 30. Qf3 Ng6 31. Bxf5 Qxd2 32. Re6 Qc1+ 33. Kg2 Rxf5
34. Qxf5 Qg5 35. Qe4 Qd5 36. Kf3 Qxb3+ 37. Ke2 Qxe6 0-1

[Event "Solingen"]
[Site "IX. Karnevals-Open"]
[Date "2018.02.11"]
[Round "5.21"]
[White "Bießner, Eberhard"]
[Black "Bünte, Kirsten"]
[Result "1/2-1/2"]
[WhiteElo "1756"]
[BlackElo "1433"]
[PlyCount "115"]
[EventDate "2018.??.??"]
[WhiteTeam "Rheydter SV"]
[BlackTeam "Rhedaer SV"]

1. e4 c6 2. d4 d5 3. exd5 cxd5 4. Bd3 Qc7 5. c3 Nf6 6. Ne2 Nc6 7. Bf4 Qd8 8.
Ng3 e6 9. Nd2 Bd6 10. Qf3 a6 11. a4 Rb8 12. O-O O-O 13. Rfe1 Qc7 14. Bxd6 Qxd6
15. Nh5 e5 16. Nxf6+ gxf6 17. Qg3+ Kh8 18. Nb3 Rg8 19. Qh4 e4 20. Be2 f5 21.
Bh5 Rg7 22. Kh1 Qh6 23. g3 Be6 24. Nc5 f4 25. Nxe6 fxe6 26. gxf4 Rf8 27. Rg1
Rxf4 28. Qh3 Rf3 29. Qh4 Rf5 30. Rxg7 Qxg7 31. Bg4 Rf6 32. Rg1 Rg6 33. Rg3 Rh6
34. Bh5 Qf8 35. Rg5 Ne7 36. Qg3 Rf6 37. Kg2 h6 38. Rg4 b5 39. axb5 axb5 40. h4
Kh7 41. Kg1 Rf3 42. Qg2 Nf5 43. Bg6+ Kh8 44. Bxf5 Rxf5 45. Rg6 Rf6 46. h5 Kh7
47. Qg3 Qf7 48. Rxf6 Qxf6 49. Kf1 Qf7 50. Qh3 Kg7 51. Ke2 Qf6 52. Qg3+ Qg5 53.
Qc7+ Kf6 54. Qh2 Qg4+ 55. Ke1 Qg5 56. Ke2 Qg4+ 57. Ke1 Qg5 58. Ke2 1/2-1/2

[Event "Solingen"]
[Site "IX. Karnevals-Open"]
[Date "2018.02.11"]
[Round "5.22"]
[White "Eickholt, Marc"]
[Black "Zamhöfer, Luca"]
[Result "1-0"]
[WhiteElo "1944"]
[BlackElo "1395"]
[PlyCount "101"]
[EventDate "2018.??.??"]
[WhiteTeam "ESK WD Wedau"]
[BlackTeam "SF Essen-Katernberg"]

1. d4 Nf6 2. Bf4 e6 3. e3 d5 4. Bd3 c5 5. c3 Nc6 6. Nd2 Be7 7. Ngf3 Nh5 8. Bg3
Nxg3 9. hxg3 a6 10. Qe2 h6 11. Rd1 c4 12. Bc2 b5 13. e4 O-O 14. a3 a5 15. e5 b4
16. Qe3 Bg5 17. Nxg5 Qxg5 18. f4 Qe7 19. axb4 axb4 20. g4 f6 21. Nf3 f5 22. g5
Bd7 23. gxh6 gxh6 24. Rxh6 Qg7 25. Rh2 Qg3+ 26. Kf1 Rf7 27. Rh3 Qg4 28. Ng5 Rg7
29. Re1 Rxg5 30. fxg5 f4 31. Qf3 Qxf3+ 32. Rxf3 Be8 33. Rxf4 Ra2 34. Re2 Kg7
35. Bb1 Ra1 36. Re1 bxc3 37. bxc3 Ra3 38. Rc1 Ra1 39. Ke2 Na5 40. Rcf1 Ra3 41.
R1f3 Ra1 42. Rf1 Ra3 43. g6 Rxc3 44. Rf8 Bxg6 45. Bxg6 Nb3 46. Bb1 Nxd4+ 47.
Kd2 Rg3 48. R1f7+ Kh6 49. Rh8+ Kg5 50. Rg8+ Kh6 51. Rh7# 1-0

[Event "Solingen"]
[Site "IX. Karnevals-Open"]
[Date "2018.02.11"]
[Round "5.23"]
[White "Poschadel, Andreas Gregor"]
[Black "Bigott, Martin"]
[Result "1-0"]
[WhiteElo "1691"]
[BlackElo "1793"]
[PlyCount "51"]
[EventDate "2018.??.??"]
[WhiteTeam "Hamelner SV"]
[BlackTeam "SF Lohmar"]

1. e4 Nf6 2. e5 Nd5 3. c4 Nb6 4. d4 d6 5. exd6 exd6 6. b3 c6 7. Bb2 d5 8. c5
N6d7 9. Bd3 Nf6 10. h3 Be6 11. Nf3 h6 12. Nc3 Nbd7 13. Qc2 Be7 14. a3 O-O 15.
O-O Nh5 16. Ne2 f5 17. Rfe1 Rc8 18. b4 b6 19. Nh2 g6 20. Nf3 Ndf6 21. Ne5 Kg7
22. Bc1 bxc5 23. dxc5 Ne4 24. Nd4 Bd7 25. Bb2 Nf4 26. Nexc6 1-0

[Event "Solingen"]
[Site "IX. Karnevals-Open"]
[Date "2018.02.11"]
[Round "5.24"]
[White "Egel, Jonas"]
[Black "Ostra, Noah"]
[Result "0-1"]
[WhiteElo "1796"]
[BlackElo "1793"]
[PlyCount "68"]
[EventDate "2018.??.??"]
[WhiteTeam "SC Solingen 28"]
[BlackTeam "SG Ennepe-Ruhr-Süd"]

1. e4 c5 2. Nc3 Nc6 3. g3 g6 4. Bg2 Bg7 5. d3 d6 6. Be3 Rb8 7. Qd2 b5 8. f4 b4
9. Nd1 h5 10. Nf3 Qc7 11. O-O a5 12. Rb1 Nf6 13. h3 Be6 14. Ra1 a4 15. Ng5 Bd7
16. c3 bxc3 17. bxc3 a3 18. e5 dxe5 19. Bxc6 Bxc6 20. fxe5 O-O 21. Qf2 Qxe5 22.
Bxc5 Qxg5 23. Bxe7 Rfe8 24. Bxf6 Bxf6 25. h4 Qe5 26. d4 Qd5 27. Kh2 Re6 28. Ne3
Qe4 29. Nc4 Bd5 30. Nxa3 Qe2 31. Kg1 Qg4 32. Qf4 Rb2 33. Rf2 Rxf2 34. Qxf2 Re2
0-1

[Event "Solingen"]
[Site "IX. Karnevals-Open"]
[Date "2018.02.11"]
[Round "5.25"]
[White "Bünte, Dr. Andreas"]
[Black "Wilde, Justin"]
[Result "1-0"]
[WhiteElo "1561"]
[BlackElo "1762"]
[PlyCount "87"]
[EventDate "2018.??.??"]
[WhiteTeam "Rhedaer SV"]
[BlackTeam "SG Kaarst"]

1. e4 c5 2. Nf3 d6 3. g3 Nc6 4. Bg2 g6 5. d3 Bg7 6. c3 e5 7. O-O Nge7 8. Nbd2
O-O 9. Re1 h6 10. Nf1 d5 11. h4 a6 12. exd5 Nxd5 13. Ne3 Be6 14. Nh2 Qd7 15.
Qf3 Rad8 16. Qe2 Nc7 17. Bf1 f5 18. Ng2 b5 19. Be3 Qd6 20. a3 f4 21. Bc1 f3 22.
Qe3 fxg2 23. Kxg2 Bf5 24. a4 Bxd3 25. Bxd3 Qxd3 26. Qxc5 Qd5+ 27. Qxd5+ Rxd5
28. axb5 axb5 29. Be3 Rfd8 30. Nf1 Bf8 31. Kf3 Kg7 32. Ke2 Bc5 33. Bxc5 Rxc5
34. Nd2 Kf6 35. Ne4+ Kf5 36. Nxc5 Rd5 37. b4 e4 38. Rad1 Re5 39. Rd6 Ne7 40.
Nd7 Rd5 41. Rf6+ Kg4 42. Rd1 Kh5 43. Rxd5+ Nexd5 44. Rc6 1-0

[Event "Solingen"]
[Site "IX. Karnevals-Open"]
[Date "2018.02.11"]
[Round "5.27"]
[White "Illner, Jan"]
[Black "Diegel, Jonas"]
[Result "1/2-1/2"]
[WhiteElo "1462"]
[BlackElo "1729"]
[PlyCount "102"]
[EventDate "2018.??.??"]
[WhiteTeam "SG Bochum"]
[BlackTeam "SG Ennepe-Ruhr-Süd"]

1. e4 e6 2. d4 d5 3. Nc3 Bb4 4. e5 c5 5. a3 Ba5 6. Nf3 Nc6 7. Bb5 a6 8. Bxc6+
bxc6 9. dxc5 Bxc3+ 10. bxc3 Qa5 11. Qd4 Rb8 12. a4 Ne7 13. g4 h5 14. Bd2 hxg4
15. c4 Qc7 16. Qxg4 Ng6 17. Bc3 a5 18. h4 Ba6 19. h5 Bxc4 20. Kd2 Ne7 21. Qxg7
Rg8 22. Qf6 Rg2 23. Ng5 Nf5 24. Nh3 d4 25. h6 dxc3+ 26. Kxc3 Nxh6 27. Kxc4 Ng4
28. Qh8+ Ke7 29. Qh4+ Kd7 30. Rhd1+ Kc8 31. Qh8+ Kb7 32. Rab1+ Ka7 33. Rxb8
Nxe5+ 34. Kd4 Qxb8 35. Qxb8+ Kxb8 36. Kxe5 Rh2 37. Rd3 Rh1 38. Kf6 Rc1 39. Rc3
Ra1 40. Kxf7 Rxa4 41. Kxe6 Ra2 42. f4 Ra1 43. f5 a4 44. Kf7 a3 45. Kg8 a2 46.
Ra3 Rf1 47. Rxa2 Rxf5 48. Kg7 Rxc5 49. Kf6 Kc7 50. Ke6 Rc4 51. Nf2 Kb6 1/2-1/2

[Event "Solingen"]
[Site "IX. Karnevals-Open"]
[Date "2018.02.11"]
[Round "5.28"]
[White "Westendorp, Christian"]
[Black "Herrmann, Markus"]
[Result "1/2-1/2"]
[WhiteElo "1728"]
[BlackElo "1774"]
[PlyCount "86"]
[EventDate "2018.??.??"]
[WhiteTeam "SV Turm Kamp-Lintfort"]
[BlackTeam "Digo Help Geilenkichen"]

1. d4 Nc6 2. c4 e5 3. d5 Nce7 4. Nc3 Ng6 5. Nf3 Nf6 6. e4 Bc5 7. h3 O-O 8. Bg5
h6 9. Be3 Bxe3 10. fxe3 d6 11. g4 Nh7 12. Ne2 Ng5 13. Ng3 c6 14. Nxg5 Qxg5 15.
Qf3 cxd5 16. cxd5 Qd8 17. Bd3 Nh4 18. Qf2 Qa5+ 19. Ke2 Qb6 20. Rac1 Bd7 21. Rc2
Bb5 22. Bxb5 Qxb5+ 23. Kd1 Rac8 24. Qe2 Qb6 25. Nf5 Nxf5 26. gxf5 Rxc2 27. Kxc2
Rc8+ 28. Kb1 Qc7 29. h4 Qc4 30. Qg2 Qd3+ 31. Ka1 Qxe3 32. a3 Rc1+ 33. Rxc1
Qxc1+ 34. Ka2 Kf8 35. Qe2 a6 36. h5 Ke7 37. Qf3 Kf6 38. Qg4 Qf4 39. Qg2 Qh4 40.
Qf3 Qf4 41. Qg2 Qc1 42. Qg4 Qg5 43. Qh3 Qc1 1/2-1/2

[Event "Solingen"]
[Site "IX. Karnevals-Open"]
[Date "2018.02.11"]
[Round "5.29"]
[White "Marchenko, Dimitrij"]
[Black "Reinhardt, Klaus"]
[Result "1/2-1/2"]
[WhiteElo "1618"]
[BlackElo "1834"]
[PlyCount "40"]
[EventDate "2018.??.??"]
[WhiteTeam "SK Königsspringer Iserlohn"]
[BlackTeam "vereinslos"]

1. e4 c6 2. Nc3 d5 3. d4 dxe4 4. Nxe4 Bf5 5. Ng3 Bg6 6. h4 h6 7. h5 Bh7 8. Bd3
Bxd3 9. Qxd3 e6 10. Nf3 Nf6 11. Bd2 Bd6 12. Ne4 Be7 13. Ne5 Nbd7 14. f4 Nxe4
15. Qxe4 Nf6 16. Qd3 Qd5 17. c4 Qe4+ 18. Qxe4 Nxe4 19. a3 Rd8 20. Bc3 c5
1/2-1/2

[Event "Solingen"]
[Site "IX. Karnevals-Open"]
[Date "2018.02.11"]
[Round "5.30"]
[White "Kublanov, Carolin"]
[Black "Mukovskiy, Peter"]
[Result "1/2-1/2"]
[WhiteElo "1774"]
[BlackElo "1292"]
[PlyCount "40"]
[EventDate "2018.??.??"]
[WhiteTeam "SG Solingen"]
[BlackTeam "Düsseldorfer SK"]

1. e4 c5 2. Nf3 g6 3. d4 cxd4 4. Nxd4 Bg7 5. Be3 Nc6 6. Nc3 Nf6 7. Bc4 O-O 8.
O-O d6 9. Qd2 Ng4 10. Nxc6 bxc6 11. Bg5 Bb7 12. Rad1 Ne5 13. Bb3 Ba6 14. Rfe1
Qc7 15. Bh6 Rab8 16. Bxg7 Kxg7 17. Re3 Qd7 18. f4 Ng4 19. Rh3 Qb7 20. Na4 Qb4
1/2-1/2

[Event "Solingen"]
[Site "IX. Karnevals-Open"]
[Date "2018.02.11"]
[Round "5.31"]
[White "Hufnagel, Markus"]
[Black "Nalliboyana, Sivaram"]
[Result "1-0"]
[WhiteElo "1693"]
[BlackElo "1138"]
[PlyCount "67"]
[EventDate "2018.??.??"]
[WhiteTeam "SW Oberhausen"]
[BlackTeam "SV Eichlinghofen"]

1. c4 Nf6 2. Nc3 e6 3. g3 Bb4 4. Bg2 Bxc3 5. bxc3 O-O 6. Nf3 c5 7. O-O Nc6 8.
Ba3 Qa5 9. Bb2 Qc7 10. d4 cxd4 11. cxd4 d5 12. Ne5 Nxe5 13. dxe5 Nd7 14. cxd5
exd5 15. Qxd5 Re8 16. Rac1 Qb6 17. Bd4 Qa6 18. e4 Nb6 19. Bxb6 axb6 20. Qd6 Be6
21. Rfd1 h6 22. Qb4 Qa5 23. Qb2 Bxa2 24. Ra1 Qxe5 25. Rxa2 Rxa2 26. Qxa2 Qa5
27. Qd5 Qa4 28. Qd7 Ra8 29. e5 Qxd7 30. Rxd7 Ra7 31. Bxb7 Ra1+ 32. Kg2 Rb1 33.
Rd8+ Kh7 34. Be4+ 1-0

[Event "Solingen"]
[Site "IX. Karnevals-Open"]
[Date "2018.02.11"]
[Round "5.32"]
[White "Ehringfeld, Michael"]
[Black "Schneider, Ferdinand"]
[Result "1-0"]
[WhiteElo "1624"]
[BlackElo "1116"]
[PlyCount "79"]
[EventDate "2018.??.??"]
[WhiteTeam "SG Solingen"]
[BlackTeam "SF Vonkeln"]

1. d4 d5 2. Nf3 Nf6 3. Bf4 Bf5 4. e3 e6 5. c4 Nbd7 6. cxd5 exd5 7. Nbd2 c6 8.
Rc1 Be7 9. Qb3 Qb6 10. Qxb6 Nxb6 11. b3 O-O 12. Be2 Rfe8 13. O-O Nh5 14. Bc7
Nf6 15. a4 Nbd7 16. Ne5 Rac8 17. Ba5 Nxe5 18. dxe5 Nd7 19. Bc3 Bd8 20. b4 Bb6
21. a5 Bc7 22. f4 h6 23. Nb3 b6 24. Nd4 Be4 25. Bg4 Red8 26. Nxc6 Bd3 27. Rfd1
Bc4 28. Nxd8 Rxd8 29. e6 Bb3 30. e7 Re8 31. Bxd7 Rxe7 32. Ba4 Bxa4 33. Rxd5
Rxe3 34. Be5 Bxe5 35. Rxe5 Rxe5 36. fxe5 Kf8 37. Kf2 Ke7 38. Ke3 Ke6 39. Kd4
Kf5 40. Rc7 1-0

[Event "Solingen"]
[Site "IX. Karnevals-Open"]
[Date "2018.02.11"]
[Round "5.34"]
[White "Signorile, Paolo"]
[Black "Scheidtmann, Kian"]
[Result "1-0"]
[WhiteElo "1388"]
[BlackElo "918"]
[PlyCount "227"]
[EventDate "2018.??.??"]
[WhiteTeam "TSV Hagen"]
[BlackTeam "SG Solingen"]

1. Nf3 d5 2. b3 Nf6 3. Bb2 g6 4. e3 Bg7 5. d4 e6 6. Nbd2 Nc6 7. Bb5 a6 8. Bxc6+
bxc6 9. O-O O-O 10. Ne5 Bb7 11. Nd3 Nd7 12. Nf3 c5 13. Nfe5 Nxe5 14. Nxc5 Nd7
15. Nxb7 Qb8 16. Na5 Qb4 17. Nc6 Qd6 18. Na5 c5 19. Ba3 Qb6 20. Qd2 Rfc8 21.
Bb2 c4 22. b4 Nf6 23. c3 Ne4 24. Qe2 Nd6 25. f3 Re8 26. Qc2 Rad8 27. Rae1 Rd7
28. Rf2 Rde7 29. Rfe2 e5 30. Bc1 e4 31. Rf1 f5 32. f4 Bf6 33. Bd2 Kf7 34. Be1
h5 35. h4 Re6 36. g3 Nb5 37. a4 Nc7 38. Bd2 Bd8 39. Bc1 Na8 40. Ba3 Be7 41. Kf2
Nc7 42. Ke1 Na8 43. Rh2 Nc7 44. Kd1 Na8 45. Qf2 Nc7 46. Kc1 Rf6 47. Qg1 Ne6 48.
Kb2 Bd8 49. Ka2 Re7 50. Rhf2 Qd6 51. b5 Qb6 52. Nc6 Rc7 53. Rb2 axb5 54. Nxd8+
Nxd8 55. Rxb5 Qe6 56. Rfb1 Qa6 57. a5 Nb7 58. Qf2 Nd6 59. Bxd6 Rxd6 60. Qb2
Rcc6 61. Qb4 Ke6 62. Rb2 Kf6 63. Kb1 Ke6 64. Rb8 Kd7 65. Qb7+ Qxb7 66. R2xb7+
Rc7 67. Rb5 Ra7 68. Kb2 Rda6 69. Rxd5+ Kc6 70. Rbb5 Ra8 71. Rdc5+ Kd6 72. d5
R8a7 73. Ka3 Ra8 74. Kb4 R8a7 75. Rb6+ Rxb6+ 76. axb6 Rb7 77. Kxc4 Rxb6 78.
Rc6+ Rxc6+ 79. dxc6 Kxc6 80. Kd4 Kd6 81. c4 Kc6 82. c5 Kd7 83. Kd5 Kc7 84. c6
Kc8 85. Kd6 Kd8 86. c7+ Kc8 87. Ke6 Kxc7 88. Kf6 Kd7 89. Kxg6 Ke7 90. Kxf5 Kf7
91. Kxe4 Ke6 92. Kd4 Kd6 93. e4 Ke6 94. e5 Ke7 95. Kd5 Kd8 96. f5 Ke7 97. e6
Kf8 98. Kd6 Ke8 99. f6 Kf8 100. Kd7 Kg8 101. e7 Kh7 102. e8=Q Kh6 103. Qf8+ Kg6
104. Qg7+ Kf5 105. f7 Ke4 106. f8=R Kd5 107. Qg5+ Kc4 108. Rf4+ Kd3 109. Qxh5
Ke3 110. Qe5+ Kd3 111. Rd4+ Kc3 112. Qc5+ Kb3 113. Rb4+ Ka3 114. Qa5# 1-0

[Event "Solingen"]
[Site "IX. Karnevals-Open"]
[Date "2018.02.11"]
[Round "5.35"]
[White "Albrecht, Philipp"]
[Black "Fodor, Bernhard"]
[Result "1/2-1/2"]
[WhiteElo "1021"]
[BlackElo "1310"]
[PlyCount "68"]
[EventDate "2018.??.??"]
[WhiteTeam "SF Brett vor'm Kopp Duisburg"]
[BlackTeam "SG Solingen"]

1. d4 c5 2. Nf3 b5 3. Bf4 Qa5+ 4. c3 cxd4 5. Nxd4 Bb7 6. Nd2 Nc6 7. N2b3 Qb6 8.
e3 a6 9. Be2 e5 10. Nxc6 Bxc6 11. Bxe5 Bxg2 12. Rg1 Bc6 13. Qd4 Qxd4 14. Nxd4
Be4 15. Rg4 Bg6 16. Bf3 h5 17. Rg2 O-O-O 18. Ne2 Re8 19. Bd4 Be4 20. Bxe4 Rxe4
21. O-O-O Rg4 22. Rg3 Rh6 23. Rdg1 Bd6 24. Bxg7 Bxg3 25. Bxh6 Nxh6 26. Rxg3 h4
27. Rg1 h3 28. Rxg4 Nxg4 29. Nf4 Nxf2 30. Kd2 Ng4 31. Nxh3 Nxh2 32. Ke2 Ng4 33.
Ng5 f6 34. Ne4 Kc7 1/2-1/2

[Event "Solingen"]
[Site "IX. Karnevals-Open"]
[Date "2018.02.11"]
[Round "5.37"]
[White "Coenen, Siegfried"]
[Black "Gula, Julian"]
[Result "0-1"]
[WhiteElo "1921"]
[BlackElo "2101"]
[PlyCount "90"]
[EventDate "2018.??.??"]
[WhiteTeam "SG Hochneukirch"]
[BlackTeam "SF Düsseldorf-Süd"]

1. e4 e5 2. Nc3 Nf6 3. f4 d5 4. fxe5 Nxe4 5. Nf3 g5 6. d3 Nxc3 7. bxc3 g4 8.
Nd2 Bg7 9. d4 O-O 10. Ba3 Re8 11. Be2 Qh4+ 12. g3 Qh3 13. Kf2 f6 14. e6 Bxe6
15. Nf1 Bf5 16. Bc1 Be4 17. Ne3 Bh6 18. Bf1 Bxe3+ 19. Bxe3 Qh5 20. Bd3 Bxh1 21.
Qxh1 Rxe3 22. Kxe3 Nc6 23. Rf1 Re8+ 24. Kd2 Qg5+ 25. Kd1 Ne7 26. h4 gxh3 27.
Qxh3 Ng6 28. Rh1 Re7 29. Rf1 c6 30. a4 Kg7 31. a5 h5 32. Rf3 Qg4 33. Qf1 Re3
34. Be2 Rxf3 35. Qxf3 Qxf3 36. Bxf3 h4 37. gxh4 Nxh4 38. Be2 Kf7 39. Kd2 Ke6
40. Ke3 Nf5+ 41. Kf4 Nd6 42. a6 bxa6 43. Bxa6 Nb5 44. Bc8+ Ke7 45. Bb7 Kd7 0-1